Historia de la Iglesia Católica /

I tiakina i:
Ngā taipitopito rārangi puna kōrero
Kaituhi matua: Olmedo Cotilla, Daniel (autor)
Hōputu: Pukapuka
Reo:Pāniora
I whakaputaina: México : Porrúa, 1978, c1978
Ngā Tūtohu: Tāpirihia he Tūtohu
Kāore He Tūtohu, Me noho koe te mea tuatahi ki te tūtohu i tēnei pūkete!

MARC

LEADER 00000nam^a2200000^a^4500
001 000456999
005 20250521000000.0
009 20260310124032.741
020 |a 968-432-089-2 
037 |a Acervo Xavier Clavigero 
041 |a ESP 
091 |a FCA. 05899 
100 |a Olmedo Cotilla, Daniel  |e (autor) 
245 1 0 |a Historia de la Iglesia Católica / 
264 4 |a México :  |b Porrúa,  |c 1978, c1978 
300 |a XIX, 785 p., [ 76 p. de láminas] 
336 |a texto  |b txt  |2 rdacontenido 
337 |a sin mediación  |b n  |2 rdamedio 
338 |a volumen  |b nc  |2 rdasoporte 
649 |a XX 
910 |a Fondo Xavier Cacho Vázquez S.J. 
920 |a Impresos - Libros 
930 |a Fondos Especiales 
905 |a 131 
901 |a 0500376223  |b IT2  |c ESP  |i D  |u 20250521 
902 |a https://opac.biblio.iteso.mx/vufind/Record/000456999